Hacienda Municipal : (Registro nro. 21701)

Detalles MARC
000 -CABECERA
campo de control de longitud fija 00817nas a2200253 a 4500
001 - NÚMERO DE CONTROL
campo de control 21701
003 - IDENTIFICADOR DEL NÚMERO DE CONTROL
campo de control 63992
005 - FECHA Y HORA DE LA ÚLTIMA TRANSACCIÓN
campo de control 20201118100115.0
008 - DATOS DE LONGITUD FIJA--INFORMACIÓN GENERAL
campo de control de longitud fija ||||||n1992 ||| || ||
020 ## - NÚMERO INTERNACIONAL ESTÁNDAR DEL LIBRO
Número Internacional Estándar del Libro 1886061
041 ## - CÓDIGO DE LENGUA
Código de lengua del texto/banda sonora o título independiente spa
082 ## - NÚMERO DE LA CLASIFICACIÓN DECIMAL DEWEY
Número de clasificación 352.1
100 ## - ENTRADA PRINCIPAL--NOMBRE DE PERSONA
Nombre de persona Pérez Torres, Javier
245 #0 - MENCIÓN DE TÍTULO
Título Hacienda Municipal :
Resto del título Instituto para el Desarrollo Técnico de las Haciendas Públicas, INDETEC
260 ## - PUBLICACIÓN, DISTRIBUCIÓN, ETC.
Lugar de publicación, distribución, etc. México :
Nombre del editor, distribuidor, etc. Instituto para el Desarrollo Técnico de las Haciendas Públicas-INDETEC,
Fecha de publicación, distribución, etc. 1992.
310 ## - PERIODICIDAD ACTUAL
Periodicidad actual TRIME
562 ## - NOTA DE IDENTIFICACIÓN DE LA COPIA Y VERSIÓN
Número de copias 0
650 ## - PUNTO DE ACCESO ADICIONAL DE MATERIA--TÉRMINO DE MATERIA
Término de materia o nombre geográfico como elemento de entrada BOGOTÁ (COLOMBIA)--ADMINISTRACIÓN PÚBLICA
650 ## - PUNTO DE ACCESO ADICIONAL DE MATERIA--TÉRMINO DE MATERIA
Término de materia o nombre geográfico como elemento de entrada DERECHO FISCAL--MEXICO
650 ## - PUNTO DE ACCESO ADICIONAL DE MATERIA--TÉRMINO DE MATERIA
Término de materia o nombre geográfico como elemento de entrada HACIENDA PÚBLICA--MÉXICO
650 ## - PUNTO DE ACCESO ADICIONAL DE MATERIA--TÉRMINO DE MATERIA
Término de materia o nombre geográfico como elemento de entrada MEXICO D.F.
942 ## - ELEMENTOS DE PUNTO DE ACCESO ADICIONAL (KOHA)
Tipo de ítem Koha Encabezado de Seriada

No hay ítems disponibles.